000 00461nam a22001697a 4500
005 20251108171835.0
008 250721s1986 xx 000 0 ara d
082 1 4 _aط/928.2/شكس
245 1 0 _aشكسبير :
_bشاعر الإنسانية /
250 _aط18
264 1 _aبيروت :
_bدار العلم للملايين،
_c1986.
300 _a125ص
490 0 _aالناجحون
650 1 7 _aالتراجم
942 _2ddc
_cBK
999 _c63994
_d63994